000 00591nam a2200193 a 4500
001 BRCA_1720
005 20190320203525.0
008 970528s1996 mx-a---##c---#000-0#spa-#
040 _aDLC
_cDLC
050 4 _aTR646.M4
_b.O36 1996
245 1 0 _aOjos franceses en México.
260 _aMéxico
_bIFAL
_c[1996]
300 _a63 p.
_bil.
_c16 cm.
600 1 4 _aCartier-Bresson, Henri
_d1908-
_vExposiciones
_95380
600 1 4 _aPlossu, Bernard
_vExposiciones
_95381
650 1 4 _aFotografía artística
_vExposiciones
_95382
650 1 4 _aFotografía
_vExposiciones
_zMéxico
_95383
942 _2lcc
_cB
999 _c1509
_d1509